[Event "Titled Tuesday intern op 07th Nov Late"]
[Site "Chess.com INT"]
[Date "2023.11.07"]
[Round "8"]
[White "Broca Jimenez, Fernando"]
[Black "Bhandari, Krish"]
[Result "0-1"]
[WhiteElo "2075"]
[BlackElo "1980"]
[PlyCount "126"]
[EventDate "2023.11.07"]
[EventType "swiss (blitz)"]
[EventRounds "11"]
[EventCountry "USA"]
[SourceTitle "EXT 2025"]
[Source "ChessBase"]
[SourceDate "2024.10.14"]
[SourceVersion "1"]
[SourceVersionDate "2024.10.14"]
[SourceQuality "1"]

1. e4 e5 2. Nf3 Nc6 3. Bb5 d6 4. d4 Bd7 5. Nc3 Nf6 6. 0-0 Be7 7. Bg5 h6 8. Bh4 exd4 9. Nxd4 0-0 10. Re1 a6 11. Bxc6 bxc6 12. Nf5 Bxf5 13. exf5 d5 14. Qd3 Re8 15. Re2 Nd7 16. Bxe7 Rxe7 17. Rae1 Rxe2 18. Qxe2 Qf6 19. Qe7 Qxf5 20. Re2 Rc8 21. h3 Nf8 22. Qc5 Qd7 23. Qa7 Ne6 24. Rd2 Re8 25. Qxa6 Ng5 26. Re2 Rxe2 27. Qxe2 c5 28. h4 Ne6 29. Qe5 c4 30. Qxd5 Qxd5 31. Nxd5 Nd4 32. c3 Nb5 33. Ne3 Nd6 34. Kf1 Kf8 35. b4 cxb3 36. axb3 Ne4 37. c4 Nd2+ 38. Ke2 Nxb3 39. Kd3 Nc5+ 40. Kd4 Ne6+ 41. Kd5 Ke7 42. Nf5+ Kd7 43. c5 c6+ 44. Ke5 f6+ 45. Ke4 Nxc5+ 46. Kd4 Ne6+ 47. Kc4 h5 48. f3 g6 49. Ne3 g5 50. hxg5 fxg5 51. g4 h4 52. Ng2 Nf4 53. Ne3 h3 54. Nf1 Kd6 55. Nh2 Ke5 56. Kc5 Ne2 57. Kxc6 Kf4 58. Kd5 Kg3 59. Nf1+ Kg2 60. Ne3+ Kxf3 61. Nf1 Kf2 62. Nh2 Nf4+ 63. Ke4 Kg2 0-1

[Event "Titled Tuesday intern op 07th Nov Late"]
[Site "Chess.com INT"]
[Date "2023.11.07"]
[Round "9"]
[White "Broca Jimenez, Fernando"]
[Black "Mirza, Diana"]
[Result "0-1"]
[WhiteElo "2075"]
[BlackElo "1897"]
[PlyCount "162"]
[EventDate "2023.11.07"]
[EventType "swiss (blitz)"]
[EventRounds "11"]
[EventCountry "USA"]
[SourceTitle "EXT 2025"]
[Source "ChessBase"]
[SourceDate "2024.10.14"]
[SourceVersion "1"]
[SourceVersionDate "2024.10.14"]
[SourceQuality "1"]

1. e4 d5 2. exd5 Qxd5 3. c4 Qd8 4. d4 Nf6 5. Nc3 Bg4 6. Be2 Bxe2 7. Ngxe2 e6 8. 0-0 Be7 9. Bg5 0-0 10. Qd2 h6 11. Bf4 Nbd7 12. Rad1 c6 13. d5 cxd5 14. cxd5 exd5 15. Nxd5 Nxd5 16. Qxd5 Nf6 17. Qxb7 Qe8 18. Nc3 Bc5 19. Rfe1 Qc8 20. Qxc8 Raxc8 21. Bd6 Bxd6 22. Rxd6 Rfd8 23. Red1 Rxd6 24. Rxd6 Ne4 25. Rd3 Nxc3 26. Rxc3 Rd8 27. Kf1 Rd2 28. Rc8+ Kh7 29. Rb8 Kg6 30. g3 f6 31. Kg2 Rc2 32. Rb7 a5 33. Rb5 a4 34. Ra5 Rxb2 35. Rxa4 h5 36. h4 Kh7 37. Ra7 Rb1 38. a4 Ra1 39. a5 Ra3 40. a6 Ra4 41. Ra8 Ra3 42. Kf1 Ra4 43. Ke2 Ra3 44. Kd2 Ra2+ 45. Ke3 Ra3+ 46. Kf4 Ra4+ 47. Kf5 Ra2 48. f4 Ra3 49. Ke6 Rxg3 50. Rb8 Ra3 51. Rb6 Ra4 52. f5 Rxh4 53. Kd7 Ra4 54. Kc7 h4 55. Kb7 g5 56. Rxf6 g4 57. Rg6 h3 58. a7 h2 59. Rxg4 Rxa7+ 60. Kxa7 h1Q 61. Ra4 Qh2 62. Kb6 Qf2+ 63. Kb5 Qxf5+ 64. Kb4 Qe4+ 65. Kb5 Qe8+ 66. Kb4 Qe7+ 67. Kb3 Qb7+ 68. Rb4 Qf3+ 69. Ka4 Kg6 70. Rb3 Qd1 71. Kb4 Kf5 72. Rc3 Qd6+ 73. Rc5+ Ke4 74. Kb5 Qd3+ 75. Kb6 Qd4 76. Kb5 Qd7+ 77. Rc6 Kd5 78. Kb4 Qxc6 79. Ka3 Qb7 80. Ka4 Kc4 81. Ka5 Qb5# 0-1